000 01009nam a2200241Mi 4500
005 20140903175036.0
008 140819s2010 xxu fr 001 0 eng d
020 _a0521142830
020 _a9780521142830
040 _aCO-BoUCM
_bspa
_cJose A. Gerena
_dJose A. Gerena
041 0 _aeng
100 1 _aCull, Nicholas John
_963851
245 0 4 _aThe Cold War and the United States Information agency
_bAmerican propaganda and public diplomacy, 1945-1989
_cNicholas J. Cull
260 _aCambridge (Massachusetts, Estados Unidos)
_bCambridge university press
_c2010
300 _axxiv, 533 páginas
504 _aIncluye referencias bibliográficas e índices
650 7 _aAdministración de recursos de información
_98571
_xHistoria
_zEstados Unidos
650 7 _aGuerra Fría
_916622
_xAspectos sociales
650 7 _aRelacionales internacionales
_923430
_zEstados Unidos
690 _942907
_aRelaciones internacionales
942 _a6
_cLIBRO
_e1
_mC967
_2DEWEY
_h327.1
999 _c239736
_d239736